000 00195 a2200097 4500
001 18010
100 _aLevenson,
245 _aModern China
260 _a
_bMacmillan Co
_c
090 _c13314
_d13314
942 _aNUST-CAE
_cM
_c3686
999 _c253083
_d253083